000 01288cam a2200133 4500500
005 20251214005357.0
041 _afre
042 _adc
100 1 0 _aTreillet, Stéphanie
_eauthor
245 0 0 _aÉconomie du développement : De Bandoeng à la mondialisation
260 _bArmand Colin,
_c2018.
520 _aLe processus de développement comporte de multiples facettes (démographie, question agraire, inégalités, dimension de genre) et fait l’objet de controverses théoriques. Cet ouvrage propose une réflexion sur la notion de développement en économie, dans le contexte de la mondialisation. Il prend la mesure de l’évolution contemporaine des politiques de développement, à travers la mise en place des Stratégies de réduction de la pauvreté, et des nouveaux défis posés par le développement durable. Il explore également les incertitudes ouvertes par l’émergence de plusieurs grandes économies. Chaque chapitre de synthèse est assorti de textes historiques et contemporains ou de documents statistiques portant sur différents aspects du développement. Des compléments sont disponibles dans la rubrique "ressources numériques".
856 4 1 _uhttps://shs.cairn.info/economie-du-developpement--9782200621254?lang=fr&redirect-ssocas=7080
999 _c1568809
_d1568809